[Event "DEM U10 2017"]
[Site "Willingen GER"]
[Date "2017.06.09"]
[Round "9"]
[White "Bakiev, Diyor"]
[Black "Costa, Leonardo"]
[Result "0-1"]
[Termination "normal"]
[Board "1"]
[WhiteElo "1111"]
[BlackElo "1704"]
[WhiteClock "00:26:39"]
[BlackClock "00:26:08"]
[PlyCount "50"]
[WhiteFideId "16241584"]
[BlackFideId "16213955"]
[EventCountry "GER"]
[EventRounds "11"]
[EventType "swiss"]
[EventDate "2017.06.03"]

1. e4 {[%clk 1:15:57]} 1... d5 {[%clk 1:15:56]} 2. exd5 {[%clk 1:16:20]} 2...
Qxd5 {[%clk 1:16:20]} 3. Nc3 {[%clk 1:16:45]} 3... Qd8 {[%clk 1:16:46]} 4. d4 {
[%clk 1:17:09]} 4... Nf6 {[%clk 1:16:49]} 5. Bf4 {[%clk 1:17:11]} 5... a6 {
[%clk 1:16:50]} 6. Nf3 {[%clk 1:17:10]} 6... e6 {[%clk 1:17:12]} 7. Bc4 { [%clk
1:17:04]} 7... b5 {[%clk 1:17:37]} 8. Bd3 {[%clk 1:16:37]} 8... Bb7 { [%clk
1:17:47]} 9. O-O {[%clk 1:16:34]} 9... Be7 {[%clk 1:18:01]} 10. Qe2 { [%clk
1:15:39]} 10... Nc6 {[%clk 1:17:20]} 11. Rad1 {[%clk 1:15:00]} 11... Nb4 {[%clk
1:17:08]} 12. Rfe1 {[%clk 1:11:03]} 12... Nxd3 {[%clk 1:15:19]} 13. Qxd3 {[%clk
1:10:43]} 13... O-O {[%clk 1:14:42]} 14. Ne5 {[%clk 1:10:05]} 14... c6 { [%clk
1:09:56]} 15. Re3 {[%clk 1:06:34]} 15... c5 {[%clk 1:02:25]} 16. Ne2 { [%clk
0:54:54]} 16... Qd5 {[%clk 0:51:17]} 17. Nf3 {[%clk 0:51:23]} 17... Ng4 { [%clk
0:50:10]} 18. Nc3 {[%clk 0:50:30]} 18... Qh5 {[%clk 0:39:07]} 19. Ree1 { [%clk
0:46:31]} 19... cxd4 {[%clk 0:34:15]} 20. Qxd4 {[%clk 0:34:22]} 20... Bc5
{[%clk 0:33:26]} 21. Qd7 {[%clk 0:30:07]} 21... Bxf3 {[%clk 0:26:55]} 22. gxf3
{[%clk 0:29:04]} 22... Nxf2 {[%clk 0:27:09]} 23. Kg2 {[%clk 0:27:32]} 23...
Qh3+ {[%clk 0:25:54]} 24. Kg1 {[%clk 0:27:33]} 24... Qxf3 {[%clk 0:25:45]} 25.
Rd4 {[%clk 0:26:39]} 25... Nh3# {[%clk 0:26:08]} 0-1

[Event "DEM U10 2017"]
[Site "Willingen GER"]
[Date "2017.06.09"]
[Round "9"]
[White "Rempe, Jonas"]
[Black "Hagner, Bennet"]
[Result "0-1"]
[Termination "normal"]
[Board "2"]
[WhiteElo "1733"]
[BlackElo "1683"]
[WhiteClock "00:04:04"]
[BlackClock "00:01:34"]
[PlyCount "66"]
[WhiteFideId "16202406"]
[BlackFideId "16224477"]
[EventCountry "GER"]
[EventRounds "11"]
[EventType "swiss"]
[EventDate "2017.06.03"]

1. e4 {[%clk 1:15:45]} 1... c6 {[%clk 1:15:23]} 2. d4 {[%clk 1:16:09]} 2... d5
{[%clk 1:15:48]} 3. Nd2 {[%clk 1:16:34]} 3... dxe4 {[%clk 1:16:11]} 4. Nxe4 {
[%clk 1:16:59]} 4... Nf6 {[%clk 1:16:26]} 5. Nxf6+ {[%clk 1:17:21]} 5... exf6 {
[%clk 1:16:48]} 6. Bc4 {[%clk 1:14:07]} 6... Bd6 {[%clk 1:16:41]} 7. Be3 {
[%clk 1:13:18]} 7... Qb6 {[%clk 1:13:59]} 8. Bb3 {[%clk 1:10:39]} 8... a5 {
[%clk 1:13:30]} 9. c3 {[%clk 1:01:06]} 9... a4 {[%clk 1:12:21]} 10. d5 { [%clk
0:56:44]} 10... Qb5 {[%clk 1:05:31]} 11. c4 {[%clk 0:56:37]} 11... Qb4+ { [%clk
1:03:51]} 12. Bd2 {[%clk 0:56:37]} 12... Qb6 {[%clk 0:56:10]} 13. Bxa4 { [%clk
0:50:36]} 13... Qxb2 {[%clk 0:55:48]} 14. Bb3 {[%clk 0:50:15]} 14... O-O {[%clk
0:54:23]} 15. Ne2 {[%clk 0:48:04]} 15... Qe5 {[%clk 0:54:05]} 16. Bc3 { [%clk
0:47:38]} 16... Qh5 {[%clk 0:52:39]} 17. Kf1 {[%clk 0:38:45]} 17... Re8 { [%clk
0:47:58]} 18. Qd2 {[%clk 0:38:42]} 18... Bg4 {[%clk 0:47:14]} 19. Re1 { [%clk
0:36:55]} 19... Na6 {[%clk 0:33:53]} 20. h3 {[%clk 0:33:59]} 20... Re7 { [%clk
0:29:11]} 21. Nf4 {[%clk 0:32:31]} 21... Rxe1+ {[%clk 0:17:28]} 22. Kxe1 {[%clk
0:32:49]} 22... Re8+ {[%clk 0:15:35]} 23. Kf1 {[%clk 0:32:00]} 23... Qg5 {[%clk
0:13:06]} 24. hxg4 {[%clk 0:31:19]} 24... Bxf4 {[%clk 0:13:24]} 25. Qd3 {[%clk
0:30:02]} 25... g6 {[%clk 0:13:00]} 26. dxc6 {[%clk 0:23:46]} 26... Nc5 {[%clk
0:11:03]} 27. Qd4 {[%clk 0:21:19]} 27... Be5 {[%clk 0:10:29]} 28. Qd2 { [%clk
0:12:11]} 28... Bxc3 {[%clk 0:05:18]} 29. Qxc3 {[%clk 0:12:32]} 29... Nxb3
{[%clk 0:03:14]} 30. axb3 {[%clk 0:12:43]} 30... Qxg4 {[%clk 0:03:24]} 31. Kg1
{[%clk 0:07:15]} 31... Re5 {[%clk 0:02:25]} 32. Qh3 {[%clk 0:03:40]} 32... Qd1+
{[%clk 0:01:15]} 33. Kh2 {[%clk 0:04:04]} 33... Qd6 {[%clk 0:01:34]} 0-1

[Event "DEM U10 2017"]
[Site "Willingen GER"]
[Date "2017.06.09"]
[Round "9"]
[White "Morczynski, Joachim"]
[Black "Deuer, Marius"]
[Result "1-0"]
[Termination "normal"]
[Board "3"]
[WhiteElo "1645"]
[BlackElo "1698"]
[WhiteClock "00:10:44"]
[BlackClock "00:14:23"]
[PlyCount "105"]
[WhiteFideId "16209745"]
[BlackFideId "16236432"]
[EventCountry "GER"]
[EventRounds "11"]
[EventType "swiss"]
[EventDate "2017.06.03"]

1. e4 {[%clk 1:15:58]} 1... c5 {[%clk 1:15:56]} 2. Nf3 {[%clk 1:16:23]} 2...
Nc6 {[%clk 1:16:19]} 3. d4 {[%clk 1:16:48]} 3... cxd4 {[%clk 1:16:41]} 4. Nxd4
{[%clk 1:17:11]} 4... g6 {[%clk 1:17:03]} 5. c4 {[%clk 1:17:36]} 5... Bg7 {
[%clk 1:17:25]} 6. Be3 {[%clk 1:18:01]} 6... Nf6 {[%clk 1:17:46]} 7. Nc3 {
[%clk 1:18:22]} 7... d6 {[%clk 1:17:38]} 8. Be2 {[%clk 1:18:45]} 8... O-O {
[%clk 1:17:52]} 9. O-O {[%clk 1:19:06]} 9... Bd7 {[%clk 1:12:25]} 10. Qd2 {
[%clk 1:19:24]} 10... Nxd4 {[%clk 1:12:31]} 11. Bxd4 {[%clk 1:19:43]} 11... Bc6
{[%clk 1:12:49]} 12. f3 {[%clk 1:20:04]} 12... a5 {[%clk 1:13:05]} 13. b3 {
[%clk 1:20:17]} 13... Nd7 {[%clk 1:12:41]} 14. Be3 {[%clk 1:20:26]} 14... Nc5 {
[%clk 1:12:27]} 15. Rab1 {[%clk 1:20:17]} 15... Qb6 {[%clk 1:12:20]} 16. Rfc1 {
[%clk 1:20:13]} 16... Rfc8 {[%clk 1:11:12]} 17. Qc2 {[%clk 1:11:42]} 17... Bh6
{[%clk 1:04:02]} 18. Nd1 {[%clk 0:40:18]} 18... Bxe3+ {[%clk 1:03:04]} 19. Nxe3
{[%clk 0:40:36]} 19... Nxe4 {[%clk 1:02:43]} 20. Qd3 {[%clk 0:39:46]} 20... Nc5
{[%clk 0:59:59]} 21. Qd2 {[%clk 0:39:30]} 21... Qb4 {[%clk 0:54:18]} 22. Qb2 {
[%clk 0:38:21]} 22... a4 {[%clk 0:48:55]} 23. Nc2 {[%clk 0:34:23]} 23... Qd2 {
[%clk 0:47:55]} 24. Re1 {[%clk 0:29:59]} 24... a3 {[%clk 0:44:12]} 25. Qc1 {
[%clk 0:28:54]} 25... Qxc1 {[%clk 0:44:25]} 26. Rexc1 {[%clk 0:28:11]} 26...
Nd7 {[%clk 0:37:23]} 27. b4 {[%clk 0:27:56]} 27... Nf6 {[%clk 0:37:21]} 28. Rb3
{[%clk 0:27:54]} 28... b5 {[%clk 0:29:50]} 29. Rxa3 {[%clk 0:20:12]} 29... bxc4
{[%clk 0:28:57]} 30. Rxa8 {[%clk 0:19:08]} 30... Bxa8 {[%clk 0:26:16]} 31. Na3
{[%clk 0:16:01]} 31... d5 {[%clk 0:25:41]} 32. Nb5 {[%clk 0:14:24]} 32... Bc6 {
[%clk 0:20:17]} 33. Na7 {[%clk 0:13:24]} 33... Rc7 {[%clk 0:20:40]} 34. Nxc6 {
[%clk 0:13:47]} 34... Rxc6 {[%clk 0:21:09]} 35. b5 {[%clk 0:13:28]} 35... Rc8 {
[%clk 0:19:51]} 36. a4 {[%clk 0:11:21]} 36... Rb8 {[%clk 0:18:35]} 37. Rb1 {
[%clk 0:11:06]} 37... Nd7 {[%clk 0:18:27]} 38. Rd1 {[%clk 0:11:16]} 38... Nf6 {
[%clk 0:17:08]} 39. Rb1 {[%clk 0:10:57]} 39... e6 {[%clk 0:15:31]} 40. a5 {
[%clk 0:11:09]} 40... Nd7 {[%clk 0:15:39]} 41. b6 {[%clk 0:10:27]} 41... Nc5 {
[%clk 0:15:37]} 42. Rb5 {[%clk 0:10:08]} 42... Nd7 {[%clk 0:13:39]} 43. b7 {
[%clk 0:10:18]} 43... c3 {[%clk 0:13:53]} 44. Bd3 {[%clk 0:10:28]} 44... Ne5 {
[%clk 0:13:28]} 45. a6 {[%clk 0:10:20]} 45... Nc6 {[%clk 0:12:59]} 46. Rc5 {
[%clk 0:10:04]} 46... Na7 {[%clk 0:13:19]} 47. Rxc3 {[%clk 0:10:26]} 47... Kf8
{[%clk 0:13:25]} 48. Kf2 {[%clk 0:10:32]} 48... Ke8 {[%clk 0:13:45]} 49. Rc7 {
[%clk 0:09:54]} 49... h6 {[%clk 0:13:43]} 50. Bb5+ {[%clk 0:09:58]} 50... Nxb5
{[%clk 0:14:11]} 51. Rc8+ {[%clk 0:10:16]} 51... Kd7 {[%clk 0:13:56]} 52. Rxb8
{[%clk 0:10:29]} 52... Kc7 {[%clk 0:14:23]} 53. Rc8+ {[%clk 0:10:44]} 1-0

[Event "DEM U10 2017"]
[Site "Willingen GER"]
[Date "2017.06.09"]
[Round "9"]
[White "Klühs, Gustaf"]
[Black "Nitsche, Nikolai"]
[Result "1/2-1/2"]
[Termination "normal"]
[Board "4"]
[WhiteElo "1620"]
[BlackElo "1465"]
[WhiteClock "00:51:06"]
[BlackClock "00:12:51"]
[PlyCount "53"]
[WhiteFideId "16228936"]
[BlackFideId "16221036"]
[EventCountry "GER"]
[EventRounds "11"]
[EventType "swiss"]
[EventDate "2017.06.03"]

1. Nf3 {[%clk 1:15:57]} 1... d5 {[%clk 1:16:01]} 2. g3 {[%clk 1:16:21]} 2...
Nf6 {[%clk 1:16:12]} 3. Bg2 {[%clk 1:16:47]} 3... Bf5 {[%clk 1:16:00]} 4. O-O {
[%clk 1:17:11]} 4... e6 {[%clk 1:16:06]} 5. d3 {[%clk 1:17:35]} 5... Be7 {
[%clk 1:16:06]} 6. Nbd2 {[%clk 1:17:58]} 6... O-O {[%clk 1:16:24]} 7. Nh4 {
[%clk 1:18:22]} 7... Bg4 {[%clk 1:15:46]} 8. h3 {[%clk 1:13:16]} 8... Bh5 {
[%clk 1:15:10]} 9. g4 {[%clk 1:13:16]} 9... Bg6 {[%clk 1:15:29]} 10. Nxg6 {
[%clk 1:13:35]} 10... hxg6 {[%clk 1:15:40]} 11. Re1 {[%clk 1:13:41]} 11... c5 {
[%clk 1:15:40]} 12. c4 {[%clk 1:14:06]} 12... Nc6 {[%clk 1:15:43]} 13. a3 {
[%clk 1:14:14]} 13... Qc7 {[%clk 1:14:37]} 14. Rb1 {[%clk 1:13:36]} 14... a5 {
[%clk 1:13:27]} 15. Nf1 {[%clk 1:12:02]} 15... dxc4 {[%clk 1:11:40]} 16. dxc4 {
[%clk 1:12:13]} 16... Rfd8 {[%clk 1:11:45]} 17. Qa4 {[%clk 1:11:46]} 17... Ra6
{[%clk 1:00:39]} 18. e3 {[%clk 1:10:14]} 18... Ne5 {[%clk 0:44:12]} 19. Qc2 {
[%clk 1:09:40]} 19... Rad6 {[%clk 0:31:30]} 20. Bd2 {[%clk 1:07:40]} 20... Qd7
{[%clk 0:27:43]} 21. Red1 {[%clk 1:07:05]} 21... b6 {[%clk 0:27:40]} 22. f4 {
[%clk 1:05:41]} 22... Nc6 {[%clk 0:24:42]} 23. Bf3 {[%clk 1:03:32]} 23... Ne8 {
[%clk 0:20:07]} 24. Bc3 {[%clk 1:03:16]} 24... g5 {[%clk 0:16:41]} 25. Qa4 {
[%clk 0:56:18]} 25... Qc8 {[%clk 0:12:51]} 26. Rxd6 {[%clk 0:51:06]} 26... gxf4
27. exf4 1/2-1/2

[Event "DEM U10 2017"]
[Site "Willingen GER"]
[Date "2017.06.09"]
[Round "9"]
[White "Fink, Moritz"]
[Black "Prieb, Robert"]
[Result "0-1"]
[Termination "normal"]
[Board "5"]
[WhiteElo "1162"]
[BlackElo "1583"]
[WhiteClock "00:50:30"]
[BlackClock "00:06:44"]
[PlyCount "122"]
[WhiteFideId "16235711"]
[BlackFideId "16212002"]
[EventCountry "GER"]
[EventRounds "11"]
[EventType "swiss"]
[EventDate "2017.06.03"]

1. e4 {[%clk 1:15:59]} 1... c5 {[%clk 1:15:48]} 2. Nf3 {[%clk 1:16:24]} 2... d6
{[%clk 1:16:04]} 3. Bb5+ {[%clk 1:16:47]} 3... Bd7 {[%clk 1:16:15]} 4. Bxd7+ {
[%clk 1:17:10]} 4... Qxd7 {[%clk 1:16:34]} 5. O-O {[%clk 1:17:28]} 5... Nc6 {
[%clk 1:16:35]} 6. Qe2 {[%clk 1:17:40]} 6... Nf6 {[%clk 1:16:30]} 7. Rd1 {
[%clk 1:17:16]} 7... g6 {[%clk 1:12:24]} 8. c3 {[%clk 1:17:01]} 8... Qc7 {
[%clk 1:05:15]} 9. d4 {[%clk 1:12:01]} 9... Bg7 {[%clk 1:03:16]} 10. e5 { [%clk
1:07:31]} 10... dxe5 {[%clk 0:59:37]} 11. dxe5 {[%clk 1:07:03]} 11... Ng4
{[%clk 0:55:15]} 12. e6 {[%clk 1:03:26]} 12... O-O {[%clk 0:52:08]} 13. h3 {
[%clk 1:02:45]} 13... Nge5 {[%clk 0:50:55]} 14. Nxe5 {[%clk 0:59:35]} 14...
Bxe5 {[%clk 0:49:38]} 15. Rd7 {[%clk 0:58:54]} 15... Qb6 {[%clk 0:46:40]} 16.
Nd2 {[%clk 0:57:46]} 16... Bg7 {[%clk 0:37:37]} 17. Nf3 {[%clk 0:49:27]} 17...
Rad8 {[%clk 0:32:43]} 18. Rxd8 {[%clk 0:48:01]} 18... Qxd8 {[%clk 0:32:27]} 19.
exf7+ {[%clk 0:48:06]} 19... Rxf7 {[%clk 0:31:48]} 20. Ng5 {[%clk 0:47:38]}
20... Rf5 {[%clk 0:26:11]} 21. Ne6 {[%clk 0:46:38]} 21... Qd6 {[%clk 0:26:05]}
22. Nxg7 {[%clk 0:46:40]} 22... Kxg7 {[%clk 0:24:00]} 23. Qd2 {[%clk 0:46:27]}
23... Rd5 {[%clk 0:22:07]} 24. Qh6+ {[%clk 0:46:25]} 24... Kg8 {[%clk 0:21:54]}
25. Bf4 {[%clk 0:45:35]} 25... Qf6 {[%clk 0:20:43]} 26. Be3 {[%clk 0:44:44]}
26... Rh5 {[%clk 0:17:48]} 27. Qf4 {[%clk 0:44:51]} 27... Qxf4 {[%clk 0:17:30]}
28. Bxf4 {[%clk 0:45:13]} 28... Rd5 {[%clk 0:17:41]} 29. Be3 {[%clk 0:44:18]}
29... c4 {[%clk 0:15:54]} 30. Kf1 {[%clk 0:43:44]} 30... a6 {[%clk 0:14:56]}
31. Ke2 {[%clk 0:44:02]} 31... Kf7 {[%clk 0:14:24]} 32. Rd1 {[%clk 0:43:47]}
32... e6 {[%clk 0:12:29]} 33. Rxd5 {[%clk 0:43:42]} 33... exd5 {[%clk 0:12:51]}
34. Kf3 {[%clk 0:43:57]} 34... Kf6 {[%clk 0:11:51]} 35. Kf4 {[%clk 0:44:06]}
35... h5 {[%clk 0:11:21]} 36. h4 {[%clk 0:44:05]} 36... b5 {[%clk 0:08:33]} 37.
f3 {[%clk 0:43:40]} 37... a5 {[%clk 0:08:00]} 38. g4 {[%clk 0:42:56]} 38... b4
{[%clk 0:07:02]} 39. cxb4 {[%clk 0:43:01]} 39... axb4 {[%clk 0:07:19]} 40. gxh5
{[%clk 0:42:57]} 40... gxh5 {[%clk 0:07:27]} 41. Bd2 {[%clk 0:41:02]} 41... d4
{[%clk 0:01:59]} 42. Ke4 {[%clk 0:40:53]} 42... Ke6 {[%clk 0:13:57]} 43. f4 {
[%clk 0:56:00]} 43... c3 {[%clk 0:13:45]} 44. bxc3 {[%clk 0:56:05]} 44... bxc3
{[%clk 0:14:07]} 45. Bc1 {[%clk 0:56:20]} 45... Nb4 {[%clk 0:14:07]} 46. a4 {
[%clk 0:55:43]} 46... d3 {[%clk 0:10:34]} 47. Ke3 {[%clk 0:51:11]} 47... Kf5 {
[%clk 0:07:22]} 48. a5 {[%clk 0:50:55]} 48... d2 {[%clk 0:04:53]} 49. Bxd2 {
[%clk 0:51:21]} 49... cxd2 {[%clk 0:05:14]} 50. Kxd2 {[%clk 0:51:45]} 50...
Kxf4 {[%clk 0:05:18]} 51. Kc3 {[%clk 0:49:05]} 51... Na6 {[%clk 0:03:55]} 52.
Kd3 {[%clk 0:48:24]} 52... Kg4 {[%clk 0:03:56]} 53. Ke3 {[%clk 0:48:40]} 53...
Kxh4 {[%clk 0:04:20]} 54. Kf2 {[%clk 0:49:05]} 54... Kg4 {[%clk 0:04:42]} 55.
Kg2 {[%clk 0:49:25]} 55... h4 {[%clk 0:04:49]} 56. Kh2 {[%clk 0:48:40]} 56...
h3 {[%clk 0:05:13]} 57. Kg1 {[%clk 0:48:57]} 57... Kg3 {[%clk 0:05:37]} 58. Kh1
{[%clk 0:49:22]} 58... Nc5 {[%clk 0:05:59]} 59. a6 {[%clk 0:49:45]} 59... h2 {
[%clk 0:05:57]} 60. a7 {[%clk 0:50:06]} 60... Nd3 {[%clk 0:06:21]} 61. a8=Q {
[%clk 0:50:30]} 61... Nf2# {[%clk 0:06:44]} 0-1

[Event "DEM U10 2017"]
[Site "Willingen GER"]
[Date "2017.06.09"]
[Round "9"]
[White "Fuchs, Florian"]
[Black "Böhm, Karl"]
[Result "0-1"]
[Termination "normal"]
[Board "6"]
[WhiteElo "1758"]
[BlackElo "1516"]
[WhiteClock "00:11:04"]
[BlackClock "00:25:36"]
[PlyCount "66"]
[WhiteFideId "16213351"]
[BlackFideId "16209800"]
[EventCountry "GER"]
[EventRounds "11"]
[EventType "swiss"]
[EventDate "2017.06.03"]

1. e4 {[%clk 1:15:56]} 1... e5 {[%clk 1:15:55]} 2. f4 {[%clk 1:16:12]} 2... d5
{[%clk 1:16:21]} 3. exd5 {[%clk 1:16:36]} 3... exf4 {[%clk 1:16:03]} 4. Nf3 {
[%clk 1:16:58]} 4... Nf6 {[%clk 1:16:22]} 5. c4 {[%clk 1:17:20]} 5... c6 {
[%clk 1:16:06]} 6. d4 {[%clk 1:17:45]} 6... Bb4+ {[%clk 1:14:06]} 7. Bd2 {
[%clk 1:14:21]} 7... Bxd2+ {[%clk 1:11:44]} 8. Qxd2 {[%clk 1:13:59]} 8... O-O {
[%clk 1:11:48]} 9. Nc3 {[%clk 1:11:54]} 9... cxd5 {[%clk 1:08:12]} 10. c5 {
[%clk 1:08:00]} 10... b6 {[%clk 1:01:42]} 11. Be2 {[%clk 1:02:28]} 11... bxc5 {
[%clk 0:55:07]} 12. dxc5 {[%clk 1:02:01]} 12... Na6 {[%clk 0:44:36]} 13. O-O {
[%clk 0:55:11]} 13... Nxc5 {[%clk 0:41:41]} 14. Rad1 {[%clk 0:54:44]} 14... Bb7
{[%clk 0:41:17]} 15. Qxf4 {[%clk 0:50:31]} 15... Qb6 {[%clk 0:41:20]} 16. Kh1 {
[%clk 0:42:00]} 16... Nce4 {[%clk 0:38:26]} 17. Nxe4 {[%clk 0:40:49]} 17...
Nxe4 {[%clk 0:38:27]} 18. Nd4 {[%clk 0:41:06]} 18... Qxb2 {[%clk 0:32:44]} 19.
Bg4 {[%clk 0:23:08]} 19... Ba6 {[%clk 0:30:58]} 20. Rf3 {[%clk 0:21:53]} 20...
Rab8 {[%clk 0:28:47]} 21. Ne6 {[%clk 0:19:21]} 21... Be2 {[%clk 0:27:04]} 22.
Nxf8 {[%clk 0:15:21]} 22... Bxf3 {[%clk 0:27:26]} 23. Bxf3 {[%clk 0:14:59]}
23... Nf2+ {[%clk 0:27:46]} 24. Kg1 {[%clk 0:15:25]} 24... Nxd1 {[%clk 0:28:05]
} 25. Bxd1 {[%clk 0:14:12]} 25... Rxf8 {[%clk 0:28:27]} 26. Bf3 {[%clk 0:12:28]
} 26... d4 {[%clk 0:27:54]} 27. Qf5 {[%clk 0:11:57]} 27... Qc1+ {[%clk 0:27:05]
} 28. Kf2 {[%clk 0:12:13]} 28... Qe3+ {[%clk 0:27:31]} 29. Kf1 {[%clk 0:12:26]}
29... Re8 {[%clk 0:26:44]} 30. g3 {[%clk 0:11:37]} 30... Qd2 {[%clk 0:26:37]}
31. Be4 {[%clk 0:11:29]} 31... g6 {[%clk 0:25:52]} 32. Qf3 {[%clk 0:11:06]}
32... Rc8 {[%clk 0:25:36]} 33. Bc6 {[%clk 0:11:04]} 33... Qc1+ 0-1

[Event "DEM U10 2017"]
[Site "Willingen GER"]
[Date "2017.06.09"]
[Round "9"]
[White "Krüger, Aurelian"]
[Black "Hänselmann, Hendrik"]
[Result "0-1"]
[Termination "normal"]
[Board "7"]
[WhiteElo "1657"]
[BlackElo "1461"]
[WhiteClock "00:04:23"]
[BlackClock "00:41:01"]
[PlyCount "64"]
[WhiteFideId "16230400"]
[BlackFideId "16232755"]
[EventCountry "GER"]
[EventRounds "11"]
[EventType "swiss"]
[EventDate "2017.06.03"]

1. e4 {[%clk 1:15:59]} 1... c5 {[%clk 1:15:56]} 2. d4 {[%clk 1:16:21]} 2...
cxd4 {[%clk 1:16:21]} 3. c3 {[%clk 1:16:47]} 3... dxc3 {[%clk 1:16:47]} 4. Nxc3
{[%clk 1:17:14]} 4... Nc6 {[%clk 1:17:11]} 5. Nf3 {[%clk 1:17:39]} 5... d6 {
[%clk 1:17:34]} 6. Bc4 {[%clk 1:17:41]} 6... a6 {[%clk 1:17:52]} 7. O-O { [%clk
1:17:01]} 7... Nf6 {[%clk 1:17:58]} 8. Qe2 {[%clk 1:15:53]} 8... Bg4 { [%clk
1:18:06]} 9. Rd1 {[%clk 1:13:21]} 9... e6 {[%clk 1:17:40]} 10. Bf4 { [%clk
1:12:10]} 10... Qa5 {[%clk 1:14:54]} 11. Bxd6 {[%clk 1:01:33]} 11... Bxd6
{[%clk 1:15:16]} 12. Rxd6 {[%clk 1:01:56]} 12... Ne5 {[%clk 1:15:21]} 13. Bb3 {
[%clk 0:58:16]} 13... Bxf3 {[%clk 1:15:31]} 14. gxf3 {[%clk 0:58:17]} 14... Ng6
{[%clk 1:15:22]} 15. Qe3 {[%clk 0:54:30]} 15... Qe5 {[%clk 1:12:27]} 16. Ba4+ {
[%clk 0:48:19]} 16... b5 {[%clk 1:11:06]} 17. Rxa6 {[%clk 0:48:25]} 17... Rb8 {
[%clk 1:05:19]} 18. Nxb5 {[%clk 0:44:06]} 18... O-O {[%clk 1:00:32]} 19. Qc3 {
[%clk 0:34:17]} 19... Rxb5 {[%clk 0:58:27]} 20. Bxb5 {[%clk 0:34:34]} 20...
Qxb5 {[%clk 0:58:32]} 21. Ra5 {[%clk 0:34:34]} 21... Qb8 {[%clk 0:57:38]} 22.
e5 {[%clk 0:25:55]} 22... Nd5 {[%clk 0:56:07]} 23. Qd2 {[%clk 0:20:10]} 23...
Nxe5 {[%clk 0:54:01]} 24. Kg2 {[%clk 0:19:24]} 24... Nc4 {[%clk 0:53:21]} 25.
Qe1 {[%clk 0:17:59]} 25... Nxa5 {[%clk 0:53:43]} 26. Qxa5 {[%clk 0:18:16]}
26... Qxb2 {[%clk 0:53:15]} 27. Re1 {[%clk 0:17:14]} 27... h6 {[%clk 0:52:11]}
28. a4 {[%clk 0:10:33]} 28... Qb7 {[%clk 0:49:40]} 29. Qd2 {[%clk 0:07:59]}
29... Ra8 {[%clk 0:48:22]} 30. Ra1 {[%clk 0:06:40]} 30... Qb4 {[%clk 0:42:51]}
31. Qa2 {[%clk 0:06:01]} 31... Qh4 {[%clk 0:41:16]} 32. Rc1 {[%clk 0:04:23]}
32... Nf4+ {[%clk 0:41:01]} 0-1

[Event "DEM U10 2017"]
[Site "Willingen GER"]
[Date "2017.06.09"]
[Round "9"]
[White "Hecht, Jonas Christian"]
[Black "Breitkopf-Lazar, Patrick-Robert"]
[Result "1/2-1/2"]
[Termination "normal"]
[Board "8"]
[WhiteElo "1465"]
[BlackElo "1297"]
[WhiteClock "00:48:41"]
[BlackClock "01:01:01"]
[PlyCount "45"]
[WhiteFideId "16214846"]
[BlackFideId "16213742"]
[EventCountry "GER"]
[EventRounds "11"]
[EventType "swiss"]
[EventDate "2017.06.03"]

1. d4 {[%clk 1:15:57]} 1... Nf6 {[%clk 1:15:31]} 2. Bf4 {[%clk 1:16:09]} 2...
g6 {[%clk 1:15:20]} 3. e3 {[%clk 1:16:05]} 3... Bg7 {[%clk 1:14:47]} 4. Nd2 {
[%clk 1:16:11]} 4... d6 {[%clk 1:14:56]} 5. Ngf3 {[%clk 1:16:12]} 5... O-O {
[%clk 1:14:20]} 6. Be2 {[%clk 1:16:27]} 6... c5 {[%clk 1:14:22]} 7. c3 { [%clk
1:16:19]} 7... cxd4 {[%clk 1:14:28]} 8. cxd4 {[%clk 1:16:25]} 8... Nc6 { [%clk
1:12:44]} 9. h3 {[%clk 1:15:21]} 9... e5 {[%clk 1:11:21]} 10. dxe5 { [%clk
1:14:04]} 10... dxe5 {[%clk 1:11:45]} 11. Nxe5 {[%clk 1:14:18]} 11... Nd5
{[%clk 1:11:55]} 12. Nxc6 {[%clk 1:14:13]} 12... bxc6 {[%clk 1:12:15]} 13. Nc4
{[%clk 1:05:42]} 13... Nxf4 {[%clk 1:11:56]} 14. Qxd8 {[%clk 1:05:53]} 14...
Rxd8 {[%clk 1:12:14]} 15. exf4 {[%clk 1:05:48]} 15... Ba6 {[%clk 1:09:27]} 16.
O-O {[%clk 1:03:07]} 16... Re8 {[%clk 1:09:34]} 17. Rfe1 {[%clk 1:02:21]} 17...
Rxe2 {[%clk 1:08:28]} 18. Rxe2 {[%clk 1:01:28]} 18... Bxc4 {[%clk 1:08:51]} 19.
Rc2 {[%clk 1:01:05]} 19... Bd5 {[%clk 1:09:08]} 20. Rd1 {[%clk 0:58:04]} 20...
Re8 {[%clk 1:03:06]} 21. b3 {[%clk 0:57:59]} 21... Re4 {[%clk 1:01:01]} 22. f5
{[%clk 0:56:11]} 22... gxf5 23. f3 {[%clk 0:48:41]} 1/2-1/2